000 00546nam a22001937a 4500
999 _c7860
_d7860
003 OSt
005 20220330111555.0
008 220330b ||||| |||| 00| 0 eng d
020 _a0521337089
040 _cddc
082 _a523.86 EDD 1988
100 _aArthur S. Eddington
_915981
245 _a The internal constitution of the stars.
260 _aNew York:
_b Cambridge University Press ;
_c1988
300 _axiv, 407 p. :
_b ill. ;
_c23 cm
504 _aIncludes index.
650 _aStars -- Constitution
_915982
942 _2ddc
_cO_SHELF